000 00542nam a22001817a 4500
005 20251108172112.0
008 250721s2003 xx 000 0 ara d
082 1 4 _aم/956.442/قاج
100 1 _aقاجة، جمعة أحمد
_eمؤلف
245 1 0 _aغزة ... خمسة آلاف عام حضور و حضارة /
264 1 _aبيروت :
_bدار العلوم العربية،
_c2003.
300 _a680ص.
650 1 7 _aتاريخ فلسطين
650 1 7 _aفلسطين
650 1 7 _aغزة
942 _2ddc
_cREF
999 _c70496
_d70496